[Event "Guarapari Regional Sudeste"]
[Site "Guarapari"]
[Date "2019.09.06"]
[Round "1"]
[White "Lima, Darcy Gustavo Macha"]
[Black "Silva, Rodrigo Souza"]
[Result "1-0"]
[WhiteElo "2537"]
[BlackElo "1776"]
[PlyCount "31"]
[EventDate "2019.09.06"]
[EventType "swiss"]
[EventRounds "6"]
[EventCountry "BRA"]
[SourceTitle "EXT 2020"]
[Source "ChessBase"]
[SourceDate "2019.10.17"]
[SourceVersion "1"]
[SourceVersionDate "2019.10.17"]
[SourceQuality "1"]

1. e4 c5 2. Nf3 e6 3. d4 cxd4 4. Nxd4 Nc6 5. Nc3 Qc7 6. Be3 a6 7. Bd3 Bc5 8. Nxe6 dxe6 9. Bxc5 Ne5 10. Ba3 Ne7 11. Be2 N5c6 12. Bd6 Qb6 13. 0-0 0-0 14. Na4 Qa5 15. c4 b5 16. b4 1-0

[Event "BRA-ch Amateur U1800"]
[Site "Sao Paulo"]
[Date "2019.06.23"]
[Round "7"]
[White "Da Justa, Saulo Freitas"]
[Black "Silva, Rodrigo Souza"]
[Result "1-0"]
[WhiteElo "1659"]
[BlackElo "1769"]
[PlyCount "119"]
[EventDate "2019.06.20"]
[EventType "swiss"]
[EventRounds "7"]
[EventCountry "BRA"]
[SourceTitle "CBM 195 Extra"]
[Source "ChessBase"]
[SourceDate "2020.05.31"]
[SourceVersion "1"]
[SourceVersionDate "2020.05.31"]
[SourceQuality "1"]

1. Nf3 Nf6 2. c4 g6 3. Nc3 d5 4. e3 Bg7 5. d4 0-0 6. Be2 dxc4 7. Bxc4 c5 8. d5 Bg4 9. Qb3 Nbd7 10. e4 Bxf3 11. gxf3 Ne5 12. Be2 Qc7 13. f4 c4 14. Qc2 Nd3+ 15. Bxd3 cxd3 16. Qxd3 e6 17. d6 Qc6 18. f3 Rfd8 19. e5 Nd5 20. Nxd5 Qxd5 21. Qxd5 exd5 22. Be3 f6 23. Bd4 Re8 24. Rc1 fxe5 25. fxe5 Bxe5 26. d7 Bxd4+ 27. dxe8Q+ Rxe8+ 28. Kd1 Kf7 29. Rc7+ Re7 30. Rxe7+ Kxe7 31. Ke2 b6 32. b3 Ke6 33. Kd3 Be5 34. Re1 Kf5 35. Rc1 Bxh2 36. Rh1 Bg3 37. Rxh7 a5 38. Re7 Bf2 39. Re8 g5 40. Kc3 Kf4 41. Rf8+ Ke5 42. a3 Bc5 43. Re8+ Kf4 44. b4 axb4+ 45. axb4 Bf2 46. Rf8+ Ke3 47. Rf6 Be1+ 48. Kb3 d4 49. Rxb6 Kxf3 50. Kc4 Bf2 51. Kd3 g4 52. Rf6+ Kg2 53. b5 Kf1 54. b6 g3 55. b7 g2 56. b8Q g1Q 57. Qb1+ Kg2 58. Rg6+ Kh2 59. Rxg1 Bxg1 60. Ke2 1-0

[Event "BRA-ch Amateur U1800"]
[Site "Sao Paulo"]
[Date "2019.06.21"]
[Round "3"]
[White "Silva, Rodrigo Souza"]
[Black "Nobre, Jailson Altair Barb"]
[Result "1/2-1/2"]
[WhiteElo "1769"]
[BlackElo "1695"]
[PlyCount "103"]
[EventDate "2019.06.20"]
[EventType "swiss"]
[EventRounds "7"]
[EventCountry "BRA"]
[SourceTitle "CBM 195 Extra"]
[Source "ChessBase"]
[SourceDate "2020.05.31"]
[SourceVersion "1"]
[SourceVersionDate "2020.05.31"]
[SourceQuality "1"]

1. e4 c5 2. Nf3 e6 3. d4 cxd4 4. Nxd4 a6 5. Be3 Qc7 6. Nc3 Nf6 7. f3 Bb4 8. Qd2 d5 9. Bd3 dxe4 10. fxe4 Bxc3 11. bxc3 0-0 12. h3 Qg3+ 13. Bf2 Qc7 14. 0-0 Nbd7 15. Bh4 b5 16. Rae1 Bb7 17. Bxf6 Nxf6 18. Re3 Nd7 19. Qf2 Qxc3 20. Rg3 Qc7 21. h4 g6 22. h5 Qe5 23. h6 Bxe4 24. Re1 f5 25. Bxe4 fxe4 26. Qe3 Rf6 27. Rg5 Qf4 28. Qxf4 Rxf4 29. Nxe6 Rh4 30. g3 Rxh6 31. Rxe4 Re8 32. Rd4 Nf6 33. Nf4 Rc8 34. a4 Rxc2 35. axb5 axb5 36. Rxb5 Rhh2 37. Rb7 Rhd2 38. Rxd2 Rxd2 39. Kf1 Rd7 40. Rb6 Kf7 41. Ke2 Re7+ 42. Kf3 g5 43. Ng2 h5 44. Rb5 Kg6 45. Ne3 Rd7 46. Rb6 Rd3 47. Kf2 Rxe3 48. Rxf6+ Kxf6 49. Kxe3 Kf5 50. Kf3 Ke5 51. Ke3 g4 52. Kd3 1/2-1/2

[Event "BRA-ch Amateur U1800"]
[Site "Sao Paulo"]
[Date "2019.06.20"]
[Round "2"]
[White "Hayashi, Kaito"]
[Black "Silva, Rodrigo Souza"]
[Result "0-1"]
[WhiteElo "1561"]
[BlackElo "1769"]
[PlyCount "70"]
[EventDate "2019.06.20"]
[EventType "swiss"]
[EventRounds "7"]
[EventCountry "BRA"]
[SourceTitle "CBM 195 Extra"]
[Source "ChessBase"]
[SourceDate "2020.05.31"]
[SourceVersion "1"]
[SourceVersionDate "2020.05.31"]
[SourceQuality "1"]

1. e4 c5 2. Nf3 e6 3. d4 cxd4 4. Nxd4 Nc6 5. Nc3 Qc7 6. Be3 a6 7. Qd2 Nf6 8. f3 b5 9. 0-0-0 Bb7 10. g4 Be7 11. h4 Rc8 12. h5 Nxd4 13. Bxd4 e5 14. Be3 d5 15. exd5 Nxd5 16. Nxd5 Bxd5 17. Be2 Bxa2 18. f4 Bb3 19. Bd3 0-0 20. fxe5 Qxe5 21. Bxh7+ Kxh7 22. Qd3+ Kg8 23. Qxb3 Rc4 24. Kb1 Rb4 25. Qa3 Re4 26. Qxa6 Rxe3 27. h6 Bf6 28. c3 Re2 29. hxg7 Bxg7 30. Qa5 Qe4+ 31. Ka1 Qa4+ 32. Qxa4 bxa4 33. Rd5 a3 34. bxa3 Bxc3+ 35. Kb1 Ra8 0-1

[Event "Brasilia Terraviva op"]
[Site "Brasilia"]
[Date "2019.01.11"]
[Round "3"]
[White "Souza, Rafael Cabral de"]
[Black "Silva, Rodrigo Souza"]
[Result "1-0"]
[WhiteElo "2142"]
[BlackElo "1788"]
[PlyCount "49"]
[EventDate "2019.01.10"]
[EventType "swiss"]
[EventRounds "7"]
[EventCountry "BRA"]
[SourceTitle "CBM 188 Extra"]
[Source "ChessBase"]
[SourceDate "2019.02.26"]
[SourceVersion "1"]
[SourceVersionDate "2019.02.26"]
[SourceQuality "1"]

1. e4 c5 2. Nf3 e6 3. d4 cxd4 4. Nxd4 Nc6 5. Nc3 Qc7 6. Ndb5 Qb8 7. Be3 a6 8. Bb6 axb5 9. Nxb5 Bb4+ 10. c3 Ba5 11. Nc7+ Qxc7 12. Bxc7 Bxc7 13. g3 Nge7 14. Bg2 0-0 15. 0-0 Rd8 16. c4 d5 17. exd5 exd5 18. cxd5 Nb4 19. Re1 Be6 20. dxe6 Rxd1 21. exf7+ Kxf7 22. Raxd1 Nbc6 23. Rd7 Be5 24. Bxc6 bxc6 25. Rxe5 1-0

[Event "Guarapari Regional Sudeste"]
[Site "Guarapari"]
[Date "2018.08.05"]
[Round "6"]
[White "Silva, Rodrigo Souza"]
[Black "Lage, Sergio Correa Magal"]
[Result "1/2-1/2"]
[WhiteElo "1863"]
[BlackElo "1918"]
[PlyCount "37"]
[EventDate "2018.08.03"]
[EventType "swiss"]
[EventRounds "6"]
[EventCountry "BRA"]
[SourceTitle "EXT 2019"]
[Source "ChessBase"]
[SourceDate "2018.10.10"]
[SourceVersion "1"]
[SourceVersionDate "2018.10.10"]
[SourceQuality "1"]

1. e4 e5 2. Nf3 Nf6 3. d4 Nxe4 4. dxe5 d5 5. Bd3 Bf5 6. 0-0 Be7 7. Nd4 Bg6 8. f3 Nc5 9. f4 Bxd3 10. cxd3 Qd7 11. Nc3 Nc6 12. Nxc6 Qxc6 13. d4 Ne6 14. Be3 0-0-0 15. Qe2 Kb8 16. Rac1 Qb6 17. Na4 Qa5 18. Qc2 f6 19. b3 1/2-1/2

[Event "Guarapari op"]
[Site "Guarapari"]
[Date "2017.09.10"]
[Round "6"]
[White "Bortoloso, Moacir Canella"]
[Black "Silva, Rodrigo Souza"]
[Result "1-0"]
[WhiteElo "2069"]
[BlackElo "1859"]
[PlyCount "53"]
[EventDate "2017.09.07"]
[EventType "swiss"]
[EventRounds "6"]
[EventCountry "BRA"]
[SourceTitle "CBM 180 Extra"]
[Source "ChessBase"]
[SourceDate "2017.10.06"]
[SourceVersion "1"]
[SourceVersionDate "2017.10.06"]
[SourceQuality "1"]

1. e4 c5 2. Nf3 e6 3. d4 cxd4 4. Nxd4 Nc6 5. Nc3 Qc7 6. f4 a6 7. Nxc6 Qxc6 8. Bd3 Nf6 9. Qe2 d6 10. Bd2 Qc7 11. a4 b6 12. 0-0 Bb7 13. Kh1 Be7 14. Rae1 0-0 15. Rf3 g6 16. Rh3 Rfd8 17. f5 e5 18. Bg5 d5 19. Bxf6 Bxf6 20. exd5 e4 21. Nxe4 Bxb2 22. c4 Bh8 23. Ng5 Qd7 24. fxg6 hxg6 25. Rf1 Re8 26. Qf2 Re7 27. Qxf7+ 1-0

[Event "Praia do Morro Guarapari op"]
[Site "Praia do Morro"]
[Date "2017.04.16"]
[Round "5"]
[White "Silva Ribeiro, Robson"]
[Black "Silva, Rodrigo Souza"]
[Result "1/2-1/2"]
[WhiteElo "1800"]
[BlackElo "1851"]
[PlyCount "77"]
[EventDate "2017.04.14"]
[EventType "swiss"]
[EventRounds "6"]
[EventCountry "BRA"]
[SourceTitle "CBM 177 Extra"]
[Source "ChessBase"]
[SourceDate "2017.04.27"]
[SourceVersion "1"]
[SourceVersionDate "2017.04.27"]
[SourceQuality "1"]

1. d4 Nf6 2. c4 g6 3. Nf3 Bg7 4. e3 0-0 5. Nbd2 c5 6. Be2 b6 7. 0-0 Bb7 8. b3 cxd4 9. exd4 d5 10. Bb2 Nbd7 11. Rc1 Rc8 12. Re1 e6 13. Ne5 dxc4 14. Nexc4 Bd5 15. Ba3 Re8 16. Nd6 Rxc1 17. Qxc1 Rf8 18. Nb5 Bh6 19. Bxf8 Nxf8 20. Qc2 Nh5 21. Bxh5 gxh5 22. Re5 Qh4 23. Qd3 Ng6 24. Rxd5 exd5 25. Nf3 Qe7 26. Qd1 h4 27. Qe1 Qd7 28. Nc3 h3 29. g3 Nf4 30. Ne5 Qe7 31. gxf4 Bxf4 32. Qf1 Bxe5 33. Qxh3 Bxd4 34. Qg4+ Bg7 35. Nxd5 Qe6 36. Qxe6 fxe6 37. Nf4 Kh8 38. Kg2 e5 39. Ne2 1/2-1/2

[Event "Praia do Morro Guarapari op"]
[Site "Praia do Morro"]
[Date "2017.04.15"]
[Round "3"]
[White "Ferreira, Kleber Victor"]
[Black "Silva, Rodrigo Souza"]
[Result "1-0"]
[WhiteElo "2087"]
[BlackElo "1851"]
[PlyCount "59"]
[EventDate "2017.04.14"]
[EventType "swiss"]
[EventRounds "6"]
[EventCountry "BRA"]
[SourceTitle "CBM 177 Extra"]
[Source "ChessBase"]
[SourceDate "2017.04.27"]
[SourceVersion "1"]
[SourceVersionDate "2017.04.27"]
[SourceQuality "1"]

1. e4 c5 2. Nc3 e6 3. f4 d5 4. Nf3 Nf6 5. e5 Nfd7 6. d4 Nc6 7. Be3 Qb6 8. Na4 Qa5+ 9. c3 Nxd4 10. Nxd4 cxd4 11. b4 Qd8 12. Qxd4 b6 13. Bb5 Bb7 14. 0-0 g6 15. f5 gxf5 16. Rxf5 exf5 17. e6 fxe6 18. Qxh8 Qh4 19. Bxb6 Kf7 20. Bd4 Nf6 21. Bxf6 Qxf6 22. Qxh7+ Bg7 23. Qh5+ Ke7 24. Re1 Rb8 25. Qe2 e5 26. Nc5 Ba8 27. Nd7 Qh6 28. h3 e4 29. Qf2 Qe6 30. Qxa7 1-0

[Event "BRA-ch para Deficientes Visuais final"]
[Site "Sao Sebastiao do Paraiso"]
[Date "2015.12.03"]
[Round "1.3"]
[White "Marques, Andre Rezende"]
[Black "Silva, Rodrigo Souza"]
[Result "1-0"]
[WhiteElo "1963"]
[BlackElo "1852"]
[PlyCount "89"]
[EventDate "2015.12.03"]
[EventType "swiss"]
[EventRounds "7"]
[EventCountry "BRA"]
[SourceTitle "EXT 2022"]
[Source "ChessBase"]
[SourceDate "2021.10.06"]
[SourceVersion "1"]
[SourceVersionDate "2021.10.06"]
[SourceQuality "1"]

1. d4 Nf6 2. Bf4 g6 3. e3 Bg7 4. h3 0-0 5. Nf3 d6 6. Be2 c5 7. 0-0 Qb6 8. Na3 Be6 9. Ng5 Bd5 10. c4 Qxb2 11. Nb5 Bc6 12. Nc7 Na6 13. Nxa8 h6 14. Nf3 Ne4 15. Bd3 cxd4 16. exd4 Nc3 17. Qc1 Qxc1 18. Rfxc1 Bxf3 19. gxf3 Bxd4 20. a4 Nc5 21. Bf1 Nb3 22. Rxc3 Nxa1 23. Rd3 e5 24. Nc7 Rc8 25. Nb5 Rc6 26. Bg2 f5 27. Be3 Bxe3 28. fxe3 Rxc4 29. Nxd6 Rxa4 30. Nxb7 Kf7 31. Kf2 Ra2+ 32. Kg3 f4+ 33. exf4 exf4+ 34. Kh2 a5 35. Kg1 a4 36. Bf1 Nb3 37. Rd1 Kf6 38. Nd6 Rb2 39. Nc4 Rc2 40. Rd6+ Kg7 41. Ra6 Nc5 42. Ra5 Ne6 43. Rxa4 Ng5 44. Ne5 Rc3 45. Rxf4 1-0

[Event "BRA Cup para DV"]
[Site "Sao Caetano do Sul"]
[Date "2013.12.04"]
[Round "1"]
[White "Lima, Mauricio Vicente"]
[Black "Silva, Rodrigo Souza"]
[Result "0-1"]
[WhiteElo "1873"]
[BlackElo "1875"]
[PlyCount "75"]
[EventDate "2013.12.04"]
[EventType "tourn"]
[EventRounds "9"]
[EventCountry "BRA"]
[SourceTitle "EXT 2016"]
[Source "ChessBase"]
[SourceDate "2015.10.08"]
[SourceVersion "1"]
[SourceVersionDate "2015.10.08"]
[SourceQuality "1"]

1. d4 Nf6 2. Nf3 g6 3. g3 Bg7 4. Bg2 0-0 5. 0-0 d6 6. e3 Nbd7 7. Nbd2 c5 8. c3 Qc7 9. Qc2 Rb8 10. Re1 b5 11. c4 cxd4 12. exd4 e6 13. b3 bxc4 14. Qxc4 Qxc4 15. Nxc4 d5 16. Nce5 Ne4 17. Nc6 Rb7 18. Bf1 Rc7 19. Nce5 f6 20. Ng4 e5 21. Ba3 Rf7 22. Rac1 Nb6 23. dxe5 Bxg4 24. e6 Bxe6 25. Bd3 Bg4 26. Nd4 Rxc1 27. Rxc1 Ng5 28. Kg2 Bh3+ 29. Kg1 f5 30. f4 Bxd4+ 31. Kh1 Bg4 32. Bf1 Ne4 33. Kg2 Be3 34. Rc6 d4 35. Bb4 Nd5 36. Ba3 Nd2 37. Bb5 Nc3 38. Ba6 0-1

[Event "American blind and visually impaired"]
[Site "Santa Marta"]
[Date "2013.11.02"]
[Round "6.4"]
[White "Silva, Rodrigo Souza"]
[Black "Jaimes, Fredy Alexander"]
[Result "0-1"]
[WhiteElo "1871"]
[BlackElo "1819"]
[PlyCount "56"]
[EventDate "2013.10.31"]
[EventType "swiss"]
[EventRounds "7"]
[EventCountry "COL"]
[SourceTitle "EXT 2024"]
[Source "ChessBase"]
[SourceDate "2023.10.10"]
[SourceVersion "1"]
[SourceVersionDate "2023.10.10"]
[SourceQuality "1"]

1. d4 d5 2. Nc3 Nf6 3. Bg5 e6 4. Nf3 c5 5. e4 dxe4 6. Nxe4 Qa5+ 7. Bd2 Qb6 8. Nxf6+ gxf6 9. Bc3 Nd7 10. Bc4 cxd4 11. Nxd4 Rg8 12. Qh5 Ne5 13. Bb5+ Bd7 14. Bxd7+ Nxd7 15. 0-0-0 Rxg2 16. Nb5 Rg5 17. Qxh7 Qxb5 18. Qh8 0-0-0 19. Rxd7 Qxd7 20. Qxf6 Rf5 21. Qh4 Be7 22. Qg4 Bg5+ 23. Kb1 Qd5 24. Re1 Rf4 25. Qg1 Rxf2 26. a3 Qf5 27. Ka2 Bf6 28. Qxf2 Qxf2 0-1

[Event "Vitoria CEAX 1st"]
[Site "Vitoria"]
[Date "2012.03.25"]
[Round "4.2"]
[White "Silva, Rodrigo Souza"]
[Black "Bonfim, Hudson Soares Do"]
[Result "0-1"]
[WhiteElo "1861"]
[BlackElo "1905"]
[PlyCount "37"]
[EventDate "2012.03.24"]
[EventType "swiss"]
[EventRounds "5"]
[EventCountry "BRA"]
[SourceTitle "EXT 2022"]
[Source "ChessBase"]
[SourceDate "2021.10.06"]
[SourceVersion "1"]
[SourceVersionDate "2021.10.06"]
[SourceQuality "1"]

1. f4 f5 2. Nf3 d6 3. e3 Nf6 4. d3 d5 5. Be2 Be6 6. Nc3 Nc6 7. 0-0 Bd7 8. a3 e5 9. fxe5 Nxe5 10. Nxe5 Bd6 11. Nxd7 Qxd7 12. Nxd5 Nxd5 13. Qd2 0-0-0 14. b4 a6 15. Kh1 Kb8 16. Bf3 Nf6 17. e4 fxe4 18. dxe4 Nxe4 19. Bxe4 0-1

[Event "Vitoria CEAX 1st"]
[Site "Vitoria"]
[Date "2012.03.24"]
[Round "3.2"]
[White "Silva, Rodrigo Souza"]
[Black "Lage, Sergio Correa Magal"]
[Result "1-0"]
[WhiteElo "1861"]
[BlackElo "2043"]
[PlyCount "60"]
[EventDate "2012.03.24"]
[EventType "swiss"]
[EventRounds "5"]
[EventCountry "BRA"]
[SourceTitle "EXT 2022"]
[Source "ChessBase"]
[SourceDate "2021.10.06"]
[SourceVersion "1"]
[SourceVersionDate "2021.10.06"]
[SourceQuality "1"]

1. d4 Nf6 2. Nc3 b6 3. e4 Bb7 4. Bd3 d6 5. f4 Nbd7 6. Nf3 c5 7. 0-0 cxd4 8. Nxd4 Nc5 9. Bb5+ Nfd7 10. e5 a6 11. Bxd7+ Qxd7 12. Be3 dxe5 13. fxe5 e6 14. Qg4 g6 15. b4 Na4 16. Nxa4 Qxa4 17. Qf4 Qd7 18. Qf6 Rg8 19. Rad1 Qe7 20. a3 Qxf6 21. exf6 Rc8 22. Rc1 Be4 23. Nxe6 Bf5 24. Nxf8 Rxf8 25. Bxb6 Kd7 26. Rfe1 Kc6 27. Bc5 Rfe8 28. Re7 Be6 29. Rd1 Kb5 30. Rd6 Bc4 1-0

[Event "BRA-ch Cegos e Defi"]
[Site "web cbx"]
[Date "2012.01.27"]
[Round "4"]
[White "Pontes, Jaderson Lucio"]
[Black "Silva, Rodrigo Souza"]
[Result "0-1"]
[WhiteElo "2007"]
[BlackElo "2118"]
[PlyCount "120"]
[EventDate "2012.01.26"]
[EventType "tourn"]
[EventRounds "7"]
[EventCountry "BRA"]
[SourceTitle "EXT 2013"]
[Source "ChessBase"]
[SourceDate "2012.11.22"]
[SourceVersion "1"]
[SourceVersionDate "2012.11.22"]
[SourceQuality "1"]

1. e4 c5 2. Nf3 Nc6 3. Bc4 g6 4. 0-0 Bg7 5. c3 e6 6. d3 Nge7 7. Be3 d6 8. d4 cxd4 9. Nxd4 0-0 10. Nb5 d5 11. exd5 Nxd5 12. Bc5 Nce7 13. Bxe7 Qxe7 14. Re1 Qc5 15. Bxd5 Qxb5 16. Bb3 Bd7 17. Na3 Qc6 18. Nc4 Rfd8 19. Qe2 Qc7 20. Ne5 Bxe5 21. Qxe5 Qxe5 22. Rxe5 Bc6 23. Rd1 Rxd1+ 24. Bxd1 Rd8 25. Re1 Rd2 26. Bb3 Rxb2 27. f3 Kg7 28. Kf1 Kf6 29. Re2 Rxe2 30. Kxe2 Ke5 31. Ke3 g5 32. g3 h6 33. h4 b6 34. hxg5 hxg5 35. f4+ gxf4+ 36. gxf4+ Kd6 37. Kd4 f6 38. Bc2 e5+ 39. fxe5+ fxe5+ 40. Ke3 Kc5 41. Kd2 a5 42. Kd3 a4 43. a3 b5 44. Kd2 Kc4 45. Bd1 e4 46. Kc2 Bd5 47. Be2+ Kc5 48. Kd2 Bc4 49. Bh5 Bf1 50. Bf7 Bc4 51. Bg6 Kd5 52. Bf7+ Ke5 53. Bh5 Kf4 54. Bg6 Kf3 55. Bh5+ Kf2 56. Bg4 e3+ 57. Kd1 Bb3+ 58. Kc1 e2 59. Bxe2 Kxe2 60. Kb2 Kd2 0-1